Find Asia's Capitals Without 'L' Quiz Stats

 Plays Quiz not verified by Sporcle

Challenge
Share
Tweet
Score 0/37 Timer 04:00
0 Plays Today
% Correct
Beijing
97.4%
Moscow
97.4%
Astana
94.9%
Pyongyang
94.9%
Tokyo
94.9%
Dushanbe
92.3%
Muscat
92.3%
Riyadh
92.3%
Tashkent
92.3%
Ashgabat
91%
Sana'a
91%
Baghdad
89.7%
Bishkek
89.7%
Hanoi
89.7%
Kathmandu
89.7%
Taipei
89.7%
Tehran
89.7%
Thimphu
89.7%
Yerevan
89.7%
% Correct
Abu Dhabi
88.5%
Baku
88.5%
Bangkok
88.5%
Dhaka
88.5%
Doha
88.5%
Kuwait City
88.5%
Beirut
87.2%
Phnom Penh
87.2%
Vientiane
87.2%
Amman
85.9%
Manama
85.9%
Naypyidaw
85.9%
Singapore
85.9%
Ankara
84.6%
Damascus
84.6%
Jakarta
84.6%
Sri Jayawardenepura Kotte
83.3%
Bandar Seri Begawan
82.1%

You're not logged in!

Compare scores with friends on all Sporcle quizzes.
OR
Log In

You Might Also Like...

Show Comments

Extras

Top Quizzes Today


Score Distribution

Your Account Isn't Verified!

In order to create a playlist on Sporcle, you need to verify the email address you used during registration. Go to your Sporcle Settings to finish the process.

Report this User

Report this user for behavior that violates our Community Guidelines.

Details: